000 00999nmc a2200361 a 4500
003 AR-BaBNM
005 20251128204549.0
008 011101s1994 ||||||||||||||000 | spa||
020 _a950-701-233-8
040 _cAR-BaBNM
100 1 _aBorzone de Manrique, Ana María
245 1 0 _aLeer y escribir a los 5
250 _a1ª ed.
260 _aBuenos Aires
_bAique
_c1994
300 _a248 p.
_bil.
490 0 _aAportes a la educación inicial
504 _aBibliografía en p. 243-248
650 4 _aINTERACCION
650 4 _aALFABETIZACION
650 4 _aLENGUAJE
650 4 _aLECTURA
650 4 _aESCRITURA
650 4 _aBIBLIOTECAS ESCOLARES
653 _aCONSTRUCTIVISMO
653 _aEDUCACION INICIAL
653 _aLECTOESCRITURA
700 1 _aRodríguez, Viviana
_ecolaborador
700 1 _aMarro, Claudia
_ecolaborador
700 1 _aGasparini, Victoria
_ecolaborador
800 1 _aGonzález Cuberes, María Teresa
_ecoordinador
942 _cBK
998 _cMarce
999 _c7940
_d7940